Vista normal Vista MARC

Entrada Meeting Name

Número de registros utilizados en: 1

001 - CONTROL NUMBER

  • control field: 39276

003 - CONTROL NUMBER IDENTIFIER

  • control field: OSt

005 - DATE AND TIME OF LATEST TRANSACTION

  • control field: 20210811113145.0

008 - FIXED-LENGTH DATA ELEMENTS

  • fixed length control field: 210811|| aca||aabn | a|a d

040 ## - CATALOGING SOURCE

  • Original cataloging agency: OSt
  • Transcribing agency: OSt

111 ## - HEADING--MEETING NAME

  • Meeting name or jurisdiction name as entry element: Seminario Sobre Adquisiciones en Proyectos Financiados por el Banco Mundial
  • Date of meeting or treaty signing: (21-24 marzo 1995 :
  • Location of meeting: Bogotá)

670 ## - SOURCE DATA FOUND

  • Source citation: Work cat.: (OSt)8282: 15504, Seminario Sobre Adquisiciones / , 1995